Statistics for Serie A 23/24 Winter Signings

Click here to take the quiz!

General Stats

  • This quiz has been taken 6 times
  • The average score is 16 of 67

Answer Stats

TeamPositionNationPlayer% Correct
Juventus FCDFPortugalTiago Djaló
83%
AS RomaDFSpainAngeliño
67%
Juventus FCMFArgentinaCarlos Alcaraz
67%
SSC NapoliMFBelgiumLeander Dendoncker
67%
SSC NapoliDFItalyPasquale Mazzocchi
67%
ACF FiorentinaFWItalyAndrea Belotti
50%
SSC NapoliMFIvory CoastHamed Junior Traorè
50%
US SassuoloDFAlbaniaMarash Kumbulla
50%
InterMFCanadaTajon Buchanan
50%
US SalernitanaDFItalyAlessandro Zanoli
33%
AC MonzaFWItalyAlessio Zerbin
33%
SSC NapoliFWBelgiumCyril Ngonge
33%
AS RomaDFNetherlandsDean Huijsen
33%
Genoa CFCDFEnglandDjed Spence
33%
US SalernitanaDFGermanyJérôme Boateng
33%
US SassuoloDFScotlandJosh Doig
33%
US SalernitanaDFGreeceKōnstantinos Manōlas
33%
US SalernitanaDFArgentinaMarco Pellegrino
33%
US SalernitanaDFItalyNiccolò Pierozzi
33%
Genoa CFCMFUkraineRuslan Malinovskyi
33%
US SalernitanaFWIsraelShon Weissman
33%
Empoli FCMFPolandSzymon Żurkowski
33%
US SalernitanaMFCroatiaToma Bašić
33%
Genoa CFCFWPortugalVitinha
33%
Torino FCMFMoroccoAdam Masina
17%
Empoli FCFWItalyAlberto Cerri
17%
Genoa CFCFWNigeriaDavid Ankeye
17%
ACF FiorentinaDFItalyDavide Faraoni
17%
Torino FCFWNigeriaDavid Okereke
17%
Frosinone CalcioFWSenegalDemba Seck
17%
Frosinone CalcioDFItalyEmanuele Valeri
17%
US SalernitanaFWItalyEmanuel Vignato
17%
Genoa CFCMFNorwayEmil Bohinen
17%
AC MilanDFItalyFilippo Terracciano
17%
Genoa CFCGKAustriaFranz Stolz
17%
Cagliari CalcioMFItalyGianluca Gaetano
17%
Genoa CFCDFItalyGiorgio Cittadini
17%
US SalernitanaMFFranceIron Gomis
17%
AtalantaDFSwedenIsak Hien
17%
Bologna FCFWDenmarkJens Odgaard
17%
Hellas VeronaFWPolandKarol Świderski
17%
Udinese CalcioDFArgentinaLautaro Giannetti
17%
AC MonzaMFSerbiaMatija Popović
17%
Torino FCDFItalyMatteo Lovato
17%
Empoli FCFWSenegalM'Baye Niang
17%
Bologna FCDFSerbiaMihajlo Ilić
17%
Frosinone CalcioMFItalyNadir Zortea
17%
Hellas VeronaMFFranceReda Belahyane
17%
Hellas VeronaDFPortugalRúben Vinagre
17%
US LecceFWArgentinaSantiago Pierotti
17%
Hellas VeronaFWNetherlandsTijjani Noslin
17%
Hellas VeronaMFSlovakiaTomáš Suslov
17%
AS RomaMFItalyTommaso Baldanzi
17%
US SalernitanaDFGreeceTriantafyllos Pasalidis
17%
Cagliari CalcioDFColombiaYerry Mina
17%
AC MonzaMFItalyDaniel Maldini
0%
Hellas VeronaMFPortugalDani Silva
0%
Hellas VeronaFWNetherlandsElayis Tavsan
0%
Hellas VeronaDFFranceFabien Centonze
0%
Frosinone CalcioFWFranceFarès Ghedjemis
0%
Frosinone CalcioMFTurkeyİsak Vural
0%
Frosinone CalcioDFItalyKevin Bonifazi
0%
AC MonzaFWBosnia and HerzegovinaMilan Đurić
0%
Empoli FCDFGeorgiaSaba Goglichidze
0%
Bologna FCFWArgentinaSantiago Castro
0%
Hellas VeronaFWSerbiaStefan Mitrović
0%
Torino FCFWSerbiaUroš Kabić
0%

Score Distribution

Percentile by Number Answered

Percent of People with Each Score

Your Score History

You have not taken this quiz